সিলেট মহানগরঃ (Record no. 2297)

MARC details
000 -LEADER
fixed length control field 01032nam a2200229 a 4500
003 - CONTROL NUMBER IDENTIFIER
control field BD-DhJNU
005 - DATE AND TIME OF LATEST TRANSACTION
control field 20251021043702.0
008 - FIXED-LENGTH DATA ELEMENTS--GENERAL INFORMATION
fixed length control field 240708s2025 bg |||g |||| 000 1|ben|d
020 ## - INTERNATIONAL STANDARD BOOK NUMBER
International Standard Book Number 9789843971029
040 ## - CATALOGING SOURCE
Original cataloging agency BD-DhJNU
Language of cataloging ben
Transcribing agency BD-DhJNU
Modifying agency BD-DhJNU
041 ## - LANGUAGE CODE
Language code of text/sound track or separate title ben
082 ## - DEWEY DECIMAL CLASSIFICATION NUMBER
Classification number 915.492 SYH
Edition number 23
242 10 - TRANSLATION OF TITLE BY CATALOGING AGENCY
Title Syhlet Metropolis:
Remainder of title geographical studies /
Statement of responsibility, etc. edited by Nazrul Islam and Alak Paul
245 10 - TITLE STATEMENT
Title সিলেট মহানগরঃ
Remainder of title ভৌগোলিক সমীক্ষা /
Statement of responsibility, etc. নজরুল ইসলাম এবং অলক পাল কর্তৃক সম্পাদিত
246 ## - VARYING FORM OF TITLE
Title proper/short title Syhlet mohanagar: bhougolik somikkha
260 ## - PUBLICATION, DISTRIBUTION, ETC.
Place of publication, distribution, etc. ঢাকা :
Name of publisher, distributor, etc. নগর গবেষণা কেন্দ্র,
Date of publication, distribution, etc. 2025.
300 ## - PHYSICAL DESCRIPTION
Extent ৩৬০ পৃ. :
Other physical details চিত্র ;
Dimensions ২২ সেমি.।
650 ## - SUBJECT ADDED ENTRY--TOPICAL TERM
Topical term or geographic name entry element নগর ভূগোল--Urban geography
700 a# - ADDED ENTRY--PERSONAL NAME
Personal name ইসলাম, নজরুল
Relator term সম্পাদক
700 a# - ADDED ENTRY--PERSONAL NAME
Personal name পাল, অলক
Relator term সম্পাদক
942 ## - ADDED ENTRY ELEMENTS (KOHA)
Koha item type Books
Holdings
Withdrawn status Lost status Source of classification or shelving scheme Damaged status Not for loan Collection Home library Current library Shelving location Date acquired Source of acquisition Total checkouts Full call number Barcode Date last seen Copy number Price effective from Koha item type
    Dewey Decimal Classification     Non-fiction Jagannath University Central Library Jagannath University Central Library General stacks 10/22/2025 Purchased   915.492 SYH JNUCL35884 10/22/2025 1 10/22/2025 Books
    Dewey Decimal Classification     Non-fiction Jagannath University Central Library Jagannath University Central Library General stacks 10/22/2025 Purchased   915.492 SYH JNUCL35885 10/22/2025 2 10/22/2025 Books
    Dewey Decimal Classification     Non-fiction Jagannath University Central Library Jagannath University Central Library General stacks 10/22/2025 Purchased   915.492 SYH JNUCL35886 10/22/2025 3 10/22/2025 Books
    Dewey Decimal Classification     Non-fiction Jagannath University Central Library Jagannath University Central Library General stacks 10/22/2025 Purchased   915.492 SYH JNUCL35887 10/22/2025 4 10/22/2025 Books
    Dewey Decimal Classification     Non-fiction Jagannath University Central Library Jagannath University Central Library General stacks 10/22/2025 Purchased   915.492 SYH JNUCL35888 10/22/2025 5 10/22/2025 Books